00455nam a22001217a 4500020001800000082001700018100002900035245008400064260004400148300002100192650006300213856005700276 a9789695570265 a340.5901 NYA aNyazee, Imran Ahsan Khan aTheories of Islamic Law:bThe Methodology of Ijtihad /cImran Ahsan Khan Nyazee aRawalpindi :bFederal Law House,c2007. a427 p. ;c21 cm. aNLS2024, NLSETEXTBOOK, NLSEBOOKBANK, ISLAMIC JURISPRUDENCE uhttp://10.250.8.41:8080/xmlui/handle/123456789/47943